000 00608nam a2200181Ia 4500
008 100917s9999 xx 000 0 und d
082 _b32991
100 _aकुलकर्णी पंडित अ. - प्रका.
245 _aअिग्न दिव्यामधून
260 _bकुलकर्णी ग्रंथागार
_c1950
300 _a112
365 _b1.5
520 _aचरित्र
630 _aअिग्न दिव्यामधून
650 _aचरित्र
730 _aअिग्न दिव्यामधून
942 _cBOOK
999 _c638385
_d638382